000 00653nam a22002177a 4500
003 UA-OsUOA
001 102371
007 ta
008 20130909b un ||||| |||| 00| 0 ukr d
100 _aСавчук Т.
090 _a330
_bС13
942 _cSA
040 _aUA-OsUOA
_brus
_cUA-OsUOA
_dUA-OsUOA
245 _aБудущеее универсального банковского дела после мирового кризиса
300 _aС.28-41
955 _a0
041 _arus
080 _a330
773 0 _w102370
_tМеждународная экономика
_dМ.
_d2013
_g7
650 7 _a330 Економіка взагалі
_2UDC
999 _c388597
_d388597